| Registos Bibliográficos associados ao registo de autoridade |
|
Etiqueta de registo: 00000nam 2200025 450 001 2288446 003 http://id.bnportugal.gov.pt/bib/catbnp/2288446 100 ## $a20260622d2024 k y0pory01030103ba 101 0# $apor$deng 102 ## $aPT 105 ## $aa m 000yy 106 ## $ar 200 1# $aNa senda do autêntico$e a falsificação artística em Portugal e a sua relação com os métodos laboratoriais$fDiana de Almeida Ramos$gorient. Alice Nogueira Alves, António Estevâo Candeias, Vera Mariz 210 #9 $aLisboa$c[s.n.],$d2024 215 ## $a427 p., 76 f.$cil.$d30 cm 328 #1 $aTese dout. Belas-Artes (Ciências da Arte e do Património), Faculdade de Belas-Artes,
Universidade de Lisboa, 2024 700 #1 $aRamos,$bDiana de Almeida$32001220 702 #1 $aAlves,$bAlice Nogueira,$f1977-$4727$31440654 702 #1 $aMariz,$bVera$4727$31917119 702 #1 $aCandeias,$bAntónio,$f1967-$4727$3268928 801 #0 $aPT$bBN$gRPC 966 ## $lBN$mFGMON$x1 971 ## $corlando$d20260622
|
|
|